| 000 | 01343nam a22003857a 4500 | ||
|---|---|---|---|
| 003 | CHAP | ||
| 005 | 20220329135247.0 | ||
| 008 | 971013s1983 r 00010 d | ||
| 010 | _a33417 | ||
| 011 | _a34389 | ||
| 035 | _a38505 | ||
| 040 | _cCHAP | ||
| 090 | _aFolleto 8365 | ||
| 100 | 0 | 0 |
_aCuquerella Cayuela, J. _930504 |
| 245 | _aFrigoconservación de cítricos | ||
| 260 |
_aMadrid : _bInstituto Nacional de Investigaciones Agrarias, _c1983 |
||
| 300 | _a20 p. | ||
| 490 |
_aInstituto Nacional de Investigaciones Agrarias. Hoja técnica _v; 45 |
||
| 590 |
_aBATCH-UPD _b10 _c20130110 _lUCH01 _h0142 |
||
| 590 |
_aBATCH-UPD _b10 _c20130110 _lUCH01 _h1805 |
||
| 590 |
_aBATCH-UPD _b10 _c20130409 _lUCH01 _h2141 |
||
| 590 |
_aBATCH-UPD _b10 _c20130410 _lUCH01 _h1140 |
||
| 590 |
_aBATCH-UPD _b10 _c20130914 _lUCH01 _h0958 |
||
| 590 |
_aCONVERSION _b10 _c20130109 _lUCH01 _h1319 |
||
| 650 | 1 | 4 |
_aCítricos. _924392 |
| 650 | 1 | 4 |
_aFruta _xConservación. _943602 |
| 650 | 1 | 4 |
_aFrutas congeladas. _943675 |
| 700 | 0 |
_aJiménez Cuesta, M. _961479 |
|
| 700 | 0 |
_aMartínez Javega, J. M. _972183 |
|
| 830 | 0 |
_aInstituto Nacional de Investigaciones Agrarias. Hoja técnica _v; 45 _959315 |
|
| 901 | _aBK | ||
| 942 | _cFOLL | ||
| 949 |
_aFolleto 8365 _bBC _cFOLL _d-88009 _eTS1 _i38505 _mD _si |
||
| 949 |
_aFolleto 8365 _bBC _cFOLL _d-88010 _eTS2 _fc.2 _i38505 _si |
||
| 999 |
_c33417 _d33417 |
||